[Event "Titled Tuesday intern op 14th Feb Late"]
[Site "Chess.com INT"]
[Date "2023.02.14"]
[Round "4"]
[White "Vaglio Mattey, Emanuel"]
[Black "Nefedov, Sergey Anatolievich"]
[Result "0-1"]
[WhiteElo "2155"]
[BlackElo "2300"]
[PlyCount "162"]
[EventDate "2023.02.14"]
[EventType "swiss (blitz)"]
[EventRounds "11"]
[EventCountry "USA"]
[SourceTitle "CBM 212 Extra"]
[Source "ChessBase"]
[SourceDate "2023.03.31"]
[SourceVersion "1"]
[SourceVersionDate "2023.03.31"]
[SourceQuality "1"]

1. d4 Nf6 2. Nf3 g6 3. Bg5 Bg7 4. Nbd2 c5 5. e3 0-0 6. c3 b6 7. Be2 Bb7 8. 0-0 d6 9. a4 a6 10. a5 b5 11. dxc5 dxc5 12. Bxf6 exf6 13. Nb3 Qe7 14. Ne1 Rd8 15. Qc1 Nc6 16. Nd2 Ne5 17. Ndf3 Rd7 18. Nxe5 fxe5 19. Nd3 e4 20. Nf4 g5 21. Nh5 Be5 22. Ng3 Rad8 23. Rd1 Rxd1+ 24. Bxd1 Bxg3 25. hxg3 Qd7 26. Bh5 f5 27. Qd1 g4 28. Qe2 Kg7 29. c4 Kh6 30. cxb5 axb5 31. a6 Bc6 32. a7 Kxh5 33. Ra6 Qd1+ 34. Qxd1 Rxd1+ 35. Kh2 Ba8 36. Rb6 Ra1 37. Rxb5 Rxa7 38. Rxc5 Kg5 39. Rc8 Bd5 40. Rc5 Be6 41. b4 Ra2 42. Kg1 Ra1+ 43. Kh2 Rf1 44. b5 Rxf2 45. b6 Rb2 46. Rc6 Kf6 47. Kg1 Ke5 48. Kf1 Bd5 49. Rc7 Rxb6 50. Rxh7 Rb1+ 51. Kf2 Bc4 52. Re7+ Be6 53. Rc7 Rb2+ 54. Kg1 Re2 55. Rc3 Bd7 56. Kh2 Kd5 57. Ra3 Bb5 58. Rc3 Bd3 59. Rc8 Rxe3 60. Rd8+ Kc4 61. Rc8+ Kd4 62. Rb8 Re1 63. Rb4+ Kc3 64. Rc4+ Kd2 65. Rc2+ Ke3 66. Rc3 Re2 67. Rc5 Rc2 68. Rxf5 Kd2 69. Rf8 e3 70. Re8 e2 71. Rd8 Rc3 72. Rd7 Kc2 73. Rd6 e1Q 74. Rxd3 Qe5 75. Rd6 Qxg3+ 76. Kg1 Qxd6 77. Kh1 Rd3 78. Kg1 g3 79. Kf1 Qf4+ 80. Ke2 Qe3+ 81. Kf1 Rd1# 0-1

[Event "Titled Tuesday intern op 07th Feb Late"]
[Site "Chess.com INT"]
[Date "2023.02.07"]
[Round "3"]
[White "Nefedov, Sergey Anatolievich"]
[Black "Olsson, William"]
[Result "1-0"]
[WhiteElo "2300"]
[BlackElo "2361"]
[PlyCount "64"]
[EventDate "2023.02.07"]
[EventType "swiss (blitz)"]
[EventRounds "11"]
[EventCountry "USA"]
[SourceTitle "EXT 2024"]
[Source "ChessBase"]
[SourceDate "2023.10.10"]
[SourceVersion "1"]
[SourceVersionDate "2023.10.10"]
[SourceQuality "1"]

1. d4 d5 2. Nf3 Nf6 3. c4 e6 4. Nc3 c6 5. Bg5 h6 6. Bxf6 Qxf6 7. Qb3 dxc4 8. Qxc4 b5 9. Qd3 a6 10. e4 Bb7 11. e5 Qd8 12. Ne4 Nd7 13. Rc1 Bb4+ 14. Nfd2 0-0 15. a3 Be7 16. Be2 Qb6 17. Qe3 Rfd8 18. 0-0 Rac8 19. b4 a5 20. Nc5 axb4 21. axb4 Qc7 22. Nde4 Nb6 23. Rb1 Nd5 24. Qg3 Ra8 25. f4 Ra2 26. Bh5 Bxc5 27. dxc5 Ne7 28. Nd6 Nf5 29. Bxf7+ Kf8 30. Nxf5 Qxf7 31. Nd6 Qe7 32. f5 Bc8 1-0

[Event "Titled Tuesday intern op 07th Feb Late"]
[Site "Chess.com INT"]
[Date "2023.02.07"]
[Round "4"]
[White "Prieto Aranguren, Alain"]
[Black "Nefedov, Sergey Anatolievich"]
[Result "0-1"]
[WhiteElo "2268"]
[BlackElo "2300"]
[PlyCount "86"]
[EventDate "2023.02.07"]
[EventType "swiss (blitz)"]
[EventRounds "11"]
[EventCountry "USA"]
[SourceTitle "EXT 2024"]
[Source "ChessBase"]
[SourceDate "2023.10.10"]
[SourceVersion "1"]
[SourceVersionDate "2023.10.10"]
[SourceQuality "1"]

1. d4 Nf6 2. c4 e6 3. Nc3 d5 4. cxd5 exd5 5. Bg5 c6 6. Qc2 Be7 7. e3 Nbd7 8. Bd3 Nh5 9. Bxe7 Qxe7 10. Nge2 Ndf6 11. 0-0-0 g6 12. Kb1 Ng7 13. Ng3 h5 14. e4 dxe4 15. Ngxe4 Nxe4 16. Nxe4 Bf5 17. f3 Bxe4 18. fxe4 Rd8 19. Bc4 Ne6 20. Qc3 0-0 21. Rhg1 Qf6 22. Rgf1 Qh4 23. Qe3 Kg7 24. Bxe6 fxe6 25. Rxf8 Rxf8 26. d5 exd5 27. exd5 cxd5 28. Qxa7 Qe4+ 29. Ka1 Qxg2 30. Qxb7+ Rf7 31. Qb3 Qxh2 32. Qxd5 h4 33. a4 Qf4 34. Rd4 Qf1+ 35. Ka2 h3 36. Qe5+ Qf6 37. Qxf6+ Rxf6 38. Rh4 Rf3 39. a5 g5 40. Rh5 Kg6 41. Rh8 g4 42. a6 Rf6 43. Rg8+ Kf5 0-1